[Event "DVM U20w 2023"]
[Site "Magdeburg GER"]
[Date "2023.12.28"]
[Round "4"]
[White "Symanski, Linda"]
[Black "Margaryan, Mane"]
[Result "0-1"]
[Termination "normal"]
[Board "7.4"]
[WhiteElo "1281"]
[BlackElo "1217"]
[WhiteClock "00:03:25"]
[BlackClock "00:01:45"]
[WhiteTeam "SF Essen-Werden 1924/80"]
[BlackTeam "Elmshorner SC 1896"]
[PlyCount "76"]
[WhiteFideId "16284534"]
[BlackFideId "16268237"]
[EventCountry "GER"]
[EventRounds "7"]
[EventType "team-swiss"]
[EventDate "2023.12.26"]

1. d4 {[%clk 01:30:57]} {[%emt 00:00:02]} d5 {[%clk 01:30:54]} {[%emt
00:00:06]} 2. c4 {[%clk 01:31:20]} {[%emt 00:00:07]} c6 {[%clk 01:31:20]}
{[%emt 00:00:05]} 3. Nc3 {[%clk 01:31:42]} {[%emt 00:00:07]} e6 {[%clk
01:31:34]} {[%emt 00:00:15]} 4. cxd5 {[%clk 01:31:37]} {[%emt 00:00:35]} cxd5
{[%clk 01:31:28]} {[%emt 00:00:36]} 5. Nf3 {[%clk 01:31:44]} {[%emt 00:00:23]}
Nf6 {[%clk 01:30:55]} {[%emt 00:01:02]} 6. Bg5 {[%clk 01:31:14]} {[%emt
00:00:59]} Be7 {[%clk 01:29:47]} {[%emt 00:01:39]} 7. e3 {[%clk 01:30:13]}
{[%emt 00:01:31]} O-O {[%clk 01:28:48]} {[%emt 00:01:30]} 8. Bd3 {[%clk
01:29:48]} {[%emt 00:00:54]} Nc6 {[%clk 01:27:08]} {[%emt 00:02:10]} 9. a3
{[%clk 01:27:16]} {[%emt 00:03:02]} a5 {[%clk 01:27:02]} {[%emt 00:00:36]} 10.
Qc2 {[%clk 01:25:39]} {[%emt 00:02:08]} h6 {[%clk 01:25:33]} {[%emt 00:01:58]}
11. Bh4 {[%clk 01:24:16]} {[%emt 00:01:52]} Re8 {[%clk 01:21:07]} {[%emt
00:04:57]} 12. O-O {[%clk 01:23:23]} {[%emt 00:01:23]} Bd7 {[%clk 01:15:48]}
{[%emt 00:05:49]} 13. Rac1 {[%clk 01:17:23]} {[%emt 00:06:30]} Rc8 {[%clk
01:14:22]} {[%emt 00:01:55]} 14. Qb3 {[%clk 01:12:26]} {[%emt 00:05:26]} b6
{[%clk 01:03:47]} {[%emt 00:11:07]} 15. Nb5 {[%clk 01:04:33]} {[%emt 00:08:23]}
Rb8 {[%clk 00:48:50]} {[%emt 00:15:27]} 16. Rc2 {[%clk 00:59:52]} {[%emt
00:05:10]} Ne4 {[%clk 00:41:56]} {[%emt 00:07:25]} 17. Bxe7 {[%clk 00:57:50]}
{[%emt 00:02:33]} Nxe7 {[%clk 00:38:54]} {[%emt 00:03:32]} 18. Rfc1 {[%clk
00:53:42]} {[%emt 00:04:38]} Bxb5 {[%clk 00:24:25]} {[%emt 00:14:58]} 19. Bxb5
{[%clk 00:52:48]} {[%emt 00:01:25]} Rf8 {[%clk 00:24:19]} {[%emt 00:00:37]} 20.
Rc7 {[%clk 00:48:36]} {[%emt 00:04:41]} Rc8 {[%clk 00:21:50]} {[%emt 00:02:59]}
21. Rxc8 {[%clk 00:38:37]} {[%emt 00:10:30]} Nxc8 {[%clk 00:22:03]} {[%emt
00:00:16]} 22. Ne5 {[%clk 00:35:36]} {[%emt 00:03:31]} Ncd6 {[%clk 00:17:40]}
{[%emt 00:04:53]} 23. Ba4 {[%clk 00:27:10]} {[%emt 00:08:56]} Qe7 {[%clk
00:15:05]} {[%emt 00:03:03]} 24. Qxb6 {[%clk 00:22:17]} {[%emt 00:05:25]} Qb7
{[%clk 00:05:54]} {[%emt 00:09:41]} 25. Qxb7 {[%clk 00:20:10]} {[%emt
00:02:38]} Nxb7 {[%clk 00:06:18]} {[%emt 00:00:06]} 26. Rc7 {[%clk 00:18:38]}
{[%emt 00:02:02]} Nbd6 {[%clk 00:03:58]} {[%emt 00:02:50]} 27. f3 {[%clk
00:17:19]} {[%emt 00:01:44]} Nf6 {[%clk 00:02:39]} {[%emt 00:01:54]} 28. Ra7
{[%clk 00:15:56]} {[%emt 00:01:52]} Rb8 {[%clk 00:02:06]} {[%emt 00:01:05]} 29.
b3 {[%clk 00:13:18]} {[%emt 00:03:08]} Rc8 {[%clk 00:02:01]} {[%emt 00:00:35]}
30. Rxa5 {[%clk 00:12:57]} {[%emt 00:00:51]} Rc1+ {[%clk 00:02:15]} {[%emt
00:00:16]} 31. Kf2 {[%clk 00:13:06]} {[%emt 00:00:22]} Rc2+ {[%clk 00:02:21]}
{[%emt 00:00:24]} 32. Kg3 {[%clk 00:12:20]} {[%emt 00:01:14]} Nf5+ {[%clk
00:02:21]} {[%emt 00:00:32]} 33. Kh3 {[%clk 00:11:08]} {[%emt 00:01:41]} Nxe3
{[%clk 00:02:23]} {[%emt 00:00:29]} 34. Ra8+ {[%clk 00:08:11]} {[%emt
00:03:26]} Kh7 {[%clk 00:02:30]} {[%emt 00:00:24]} 35. Nxf7 {[%clk 00:07:13]}
{[%emt 00:01:26]} Rxg2 {[%clk 00:01:41]} {[%emt 00:01:20]} 36. Ne5 {[%clk
00:05:41]} {[%emt 00:02:02]} Nh5 {[%clk 00:01:17]} {[%emt 00:00:53]} 37. Ng4
{[%clk 00:03:16]} {[%emt 00:02:55]} Nf4+ {[%clk 00:01:26]} {[%emt 00:00:21]}
38. Kh4 {[%clk 00:03:25]} {[%emt 00:00:21]} g5# {[%clk 00:01:45]} {[%emt
00:00:10]} 0-1

[Event "DVM U20w 2023"]
[Site "Magdeburg GER"]
[Date "2023.12.28"]
[Round "4"]
[White "Schubert, Arlene"]
[Black "Kohl, Natalie"]
[Result "1-0"]
[Termination "normal"]
[Board "8.1"]
[WhiteElo "1545"]
[BlackElo "1504"]
[WhiteClock "00:06:23"]
[BlackClock "00:01:30"]
[WhiteTeam "SC 1865 Annaberg-Buchholz"]
[BlackTeam "Meuselwitzer SV"]
[PlyCount "77"]
[WhiteFideId "16220951"]
[BlackFideId "12967408"]
[EventCountry "GER"]
[EventRounds "7"]
[EventType "team-swiss"]
[EventDate "2023.12.26"]

1. e4 {[%clk 01:30:54]} {[%emt 00:00:06]} c5 {[%clk 01:30:47]} {[%emt
00:00:14]} 2. Nf3 {[%clk 01:31:14]} {[%emt 00:00:10]} Nc6 {[%clk 01:30:54]}
{[%emt 00:00:23]} 3. d4 {[%clk 01:31:28]} {[%emt 00:00:16]} cxd4 {[%clk
01:31:06]} {[%emt 00:00:18]} 4. Nxd4 {[%clk 01:31:48]} {[%emt 00:00:10]} e5
{[%clk 01:31:22]} {[%emt 00:00:14]} 5. Nf5 {[%clk 01:27:27]} {[%emt 00:04:52]}
d5 {[%clk 01:24:16]} {[%emt 00:07:36]} 6. Ng3 {[%clk 01:23:39]} {[%emt
00:04:17]} Nf6 {[%clk 01:21:23]} {[%emt 00:03:22]} 7. exd5 {[%clk 01:19:01]}
{[%emt 00:05:08]} Qxd5 {[%clk 01:19:20]} {[%emt 00:02:33]} 8. Qxd5 {[%clk
01:16:21]} {[%emt 00:03:10]} Nxd5 {[%clk 01:19:40]} {[%emt 00:00:10]} 9. c3
{[%clk 01:15:18]} {[%emt 00:01:33]} f5 {[%clk 01:09:36]} {[%emt 00:10:34]} 10.
Bc4 {[%clk 01:09:06]} {[%emt 00:06:42]} Nb6 {[%clk 01:01:20]} {[%emt 00:08:45]}
11. Bb3 {[%clk 01:03:31]} {[%emt 00:06:05]} f4 {[%clk 00:59:57]} {[%emt
00:01:54]} 12. Ne4 {[%clk 00:58:48]} {[%emt 00:05:12]} Bf5 {[%clk 00:57:40]}
{[%emt 00:02:48]} 13. Ng5 {[%clk 00:50:34]} {[%emt 00:08:45]} Bc5 {[%clk
00:56:23]} {[%emt 00:01:46]} 14. Ne6 {[%clk 00:46:28]} {[%emt 00:04:35]} Bxe6
{[%clk 00:54:57]} {[%emt 00:01:58]} 15. Bxe6 {[%clk 00:46:46]} {[%emt
00:00:11]} Ke7 {[%clk 00:55:19]} {[%emt 00:00:07]} 16. Bb3 {[%clk 00:44:05]}
{[%emt 00:03:12]} Rad8 {[%clk 00:45:57]} {[%emt 00:09:52]} 17. Nd2 {[%clk
00:41:21]} {[%emt 00:03:13]} Nd5 {[%clk 00:42:58]} {[%emt 00:03:30]} 18. Ne4
{[%clk 00:38:21]} {[%emt 00:03:30]} Bb6 {[%clk 00:43:06]} {[%emt 00:00:23]} 19.
Bd2 {[%clk 00:33:53]} {[%emt 00:04:58]} Nf6 {[%clk 00:43:01]} {[%emt 00:00:34]}
20. Nxf6 {[%clk 00:31:38]} {[%emt 00:02:45]} Kxf6 {[%clk 00:41:10]} {[%emt
00:02:21]} 21. Rd1 {[%clk 00:27:05]} {[%emt 00:05:03]} Na5 {[%clk 00:38:16]}
{[%emt 00:03:24]} 22. Bc2 {[%clk 00:26:53]} {[%emt 00:00:42]} Nc4 {[%clk
00:38:07]} {[%emt 00:00:40]} 23. Bc1 {[%clk 00:26:11]} {[%emt 00:01:11]} Rxd1+
{[%clk 00:28:26]} {[%emt 00:10:11]} 24. Bxd1 {[%clk 00:25:21]} {[%emt
00:01:21]} e4 {[%clk 00:27:10]} {[%emt 00:01:47]} 25. b3 {[%clk 00:25:02]}
{[%emt 00:00:48]} Ne5 {[%clk 00:27:35]} {[%emt 00:00:05]} 26. Bc2 {[%clk
00:22:29]} {[%emt 00:03:04]} Kf5 {[%clk 00:19:03]} {[%emt 00:09:02]} 27. f3
{[%clk 00:20:04]} {[%emt 00:02:55]} Nd3+ {[%clk 00:16:04]} {[%emt 00:03:29]}
28. Ke2 {[%clk 00:15:49]} {[%emt 00:04:44]} exf3+ {[%clk 00:14:41]} {[%emt
00:01:54]} 29. gxf3 {[%clk 00:15:15]} {[%emt 00:01:04]} Re8+ {[%clk 00:05:47]}
{[%emt 00:09:25]} 30. Kxd3 {[%clk 00:14:33]} {[%emt 00:01:11]} Kg5 {[%clk
00:03:51]} {[%emt 00:02:27]} 31. h4+ {[%clk 00:13:35]} {[%emt 00:01:27]} Kh5
{[%clk 00:03:59]} {[%emt 00:00:22]} 32. Bxf4 {[%clk 00:12:09]} {[%emt
00:01:57]} h6 {[%clk 00:03:12]} {[%emt 00:01:16]} 33. Bg3 {[%clk 00:09:44]}
{[%emt 00:02:53]} Rd8+ {[%clk 00:00:58]} {[%emt 00:02:45]} 34. Ke2 {[%clk
00:09:43]} {[%emt 00:00:31]} Re8+ {[%clk 00:00:36]} {[%emt 00:00:53]} 35. Be4
{[%clk 00:09:34]} {[%emt 00:00:40]} g5 {[%clk 00:00:38]} {[%emt 00:00:27]} 36.
hxg5+ {[%clk 00:09:16]} {[%emt 00:00:47]} Kxg5 {[%clk 00:01:04]} {[%emt
00:00:05]} 37. Rh4 {[%clk 00:07:39]} {[%emt 00:02:07]} Bc7 {[%clk 00:01:03]}
{[%emt 00:00:31]} 38. Rg4+ {[%clk 00:07:50]} {[%emt 00:00:19]} Kh5 {[%clk
00:01:30]} {[%emt 00:00:01]} 39. Bxc7 {[%clk 00:06:23]} {[%emt 00:01:59]} 1-0

[Event "DVM U20w 2023"]
[Site "Magdeburg GER"]
[Date "2023.12.28"]
[Round "4"]
[White "Mai, Mariella"]
[Black "Brewig, Becky"]
[Result "0-1"]
[Termination "normal"]
[Board "8.2"]
[WhiteElo "1667"]
[BlackElo "1425"]
[WhiteClock "00:46:37"]
[BlackClock "00:35:06"]
[WhiteTeam "Meuselwitzer SV"]
[BlackTeam "SC 1865 Annaberg-Buchholz"]
[PlyCount "40"]
[WhiteFideId "16281780"]
[BlackFideId "12964425"]
[EventCountry "GER"]
[EventRounds "7"]
[EventType "team-swiss"]
[EventDate "2023.12.26"]

1. Nf3 {[%clk 01:30:57]} {[%emt 00:00:03]} d5 {[%clk 01:30:52]} {[%emt
00:00:07]} 2. g3 {[%clk 01:30:12]} {[%emt 00:01:15]} c5 {[%clk 01:30:41]}
{[%emt 00:00:40]} 3. c3 {[%clk 01:29:15]} {[%emt 00:01:28]} Nc6 {[%clk
01:30:54]} {[%emt 00:00:16]} 4. d4 {[%clk 01:29:21]} {[%emt 00:00:24]} cxd4
{[%clk 01:31:01]} {[%emt 00:00:23]} 5. cxd4 {[%clk 01:29:17]} {[%emt 00:00:34]}
Nf6 {[%clk 01:31:06]} {[%emt 00:00:25]} 6. Bg2 {[%clk 01:28:10]} {[%emt
00:01:38]} Bf5 {[%clk 01:30:39]} {[%emt 00:00:56]} 7. Nc3 {[%clk 01:27:10]}
{[%emt 00:01:31]} Qd7 {[%clk 01:30:19]} {[%emt 00:00:48]} 8. Bd2 {[%clk
01:17:44]} {[%emt 00:09:57]} Bh3 {[%clk 01:28:54]} {[%emt 00:01:55]} 9. O-O
{[%clk 01:15:27]} {[%emt 00:02:48]} Bxg2 {[%clk 01:27:16]} {[%emt 00:02:07]}
10. Kxg2 {[%clk 01:15:53]} {[%emt 00:00:05]} Ne4 {[%clk 01:18:10]} {[%emt
00:09:36]} 11. Be1 {[%clk 01:12:18]} {[%emt 00:04:05]} e6 {[%clk 01:14:06]}
{[%emt 00:04:34]} 12. e3 {[%clk 01:11:47]} {[%emt 00:01:01]} Be7 {[%clk
01:13:26]} {[%emt 00:01:10]} 13. Nxe4 {[%clk 01:11:03]} {[%emt 00:01:15]} dxe4
{[%clk 01:13:45]} {[%emt 00:00:10]} 14. Nd2 {[%clk 01:11:21]} {[%emt 00:00:12]}
Qd5 {[%clk 01:13:37]} {[%emt 00:00:37]} 15. Qg4 {[%clk 01:10:47]} {[%emt
00:01:06]} f5 {[%clk 00:52:23]} {[%emt 00:21:43]} 16. Qxg7 {[%clk 01:05:37]}
{[%emt 00:05:40]} Kd7 {[%clk 00:52:18]} {[%emt 00:00:35]} 17. Nb3 {[%clk
01:00:41]} {[%emt 00:05:27]} b6 {[%clk 00:36:16]} {[%emt 00:16:31]} 18. Qf7
{[%clk 00:57:07]} {[%emt 00:04:04]} h5 {[%clk 00:35:52]} {[%emt 00:00:54]} 19.
Bc3 {[%clk 00:48:39]} {[%emt 00:08:57]} Raf8 {[%clk 00:35:31]} {[%emt
00:00:51]} 20. Qxe6+ {[%clk 00:46:37]} {[%emt 00:02:32]} Kxe6 {[%clk 00:35:06]}
{[%emt 00:00:56]} 0-1

[Event "DVM U20w 2023"]
[Site "Magdeburg GER"]
[Date "2023.12.28"]
[Round "4"]
[White "Schubert, Matthea"]
[Black "Scheiding, Sophia"]
[Result "1/2-1/2"]
[Termination "normal"]
[Board "8.3"]
[WhiteElo "1510"]
[BlackElo "1421"]
[WhiteClock "00:11:21"]
[BlackClock "00:40:11"]
[WhiteTeam "SC 1865 Annaberg-Buchholz"]
[BlackTeam "Meuselwitzer SV"]
[PlyCount "66"]
[WhiteFideId "16235371"]
[BlackFideId "16287010"]
[EventCountry "GER"]
[EventRounds "7"]
[EventType "team-swiss"]
[EventDate "2023.12.26"]

1. e4 {[%clk 01:30:57]} {[%emt 00:00:02]} c5 {[%clk 01:30:39]} {[%emt
00:00:21]} 2. Nf3 {[%clk 01:31:20]} {[%emt 00:00:07]} Nc6 {[%clk 01:30:55]}
{[%emt 00:00:15]} 3. d4 {[%clk 01:31:44]} {[%emt 00:00:06]} cxd4 {[%clk
01:30:48]} {[%emt 00:00:36]} 4. Nxd4 {[%clk 01:32:12]} {[%emt 00:00:03]} e5
{[%clk 01:31:08]} {[%emt 00:00:09]} 5. Nf3 {[%clk 01:32:36]} {[%emt 00:00:06]}
Nf6 {[%clk 01:30:50]} {[%emt 00:00:49]} 6. Nc3 {[%clk 01:32:46]} {[%emt
00:00:19]} Bb4 {[%clk 01:30:46]} {[%emt 00:00:34]} 7. Bd2 {[%clk 01:25:29]}
{[%emt 00:07:47]} Bxc3 {[%clk 01:27:43]} {[%emt 00:03:33]} 8. Bxc3 {[%clk
01:25:54]} {[%emt 00:00:05]} Nxe4 {[%clk 01:27:45]} {[%emt 00:00:29]} 9. Qd3
{[%clk 01:25:59]} {[%emt 00:00:21]} Nxc3 {[%clk 01:21:25]} {[%emt 00:06:54]}
10. Qxc3 {[%clk 01:26:18]} {[%emt 00:00:10]} Qe7 {[%clk 01:19:49]} {[%emt
00:02:06]} 11. O-O-O {[%clk 01:25:06]} {[%emt 00:01:43]} O-O {[%clk 01:19:08]}
{[%emt 00:01:10]} 12. Re1 {[%clk 01:23:22]} {[%emt 00:02:15]} f6 {[%clk
01:18:11]} {[%emt 00:01:26]} 13. Bc4+ {[%clk 01:20:58]} {[%emt 00:02:54]} Kh8
{[%clk 01:18:00]} {[%emt 00:00:41]} 14. Nd2 {[%clk 01:20:30]} {[%emt 00:00:58]}
Rd8 {[%clk 01:11:59]} {[%emt 00:06:31]} 15. Bd5 {[%clk 01:15:39]} {[%emt
00:05:21]} Nb4 {[%clk 01:07:09]} {[%emt 00:05:21]} 16. Qb3 {[%clk 01:14:06]}
{[%emt 00:01:58]} Rb8 {[%clk 01:03:01]} {[%emt 00:04:41]} 17. f4 {[%clk
01:13:47]} {[%emt 00:00:50]} Nxd5 {[%clk 01:02:52]} {[%emt 00:00:40]} 18. Qxd5
{[%clk 01:12:24]} {[%emt 00:01:52]} d6 {[%clk 01:02:23]} {[%emt 00:01:00]} 19.
Qd3 {[%clk 01:06:10]} {[%emt 00:06:43]} Qc7 {[%clk 00:59:37]} {[%emt 00:03:17]}
20. Rhf1 {[%clk 00:49:52]} {[%emt 00:16:46]} Be6 {[%clk 00:50:37]} {[%emt
00:09:24]} 21. Nb3 {[%clk 00:43:48]} {[%emt 00:06:41]} Rbc8 {[%clk 00:48:49]}
{[%emt 00:02:17]} 22. Rf3 {[%clk 00:35:09]} {[%emt 00:09:04]} Bd5 {[%clk
00:42:29]} {[%emt 00:06:56]} 23. Rf2 {[%clk 00:24:11]} {[%emt 00:11:27]} Bc4
{[%clk 00:39:53]} {[%emt 00:03:08]} 24. Qe3 {[%clk 00:21:07]} {[%emt 00:03:28]}
Bxb3 {[%clk 00:38:28]} {[%emt 00:02:01]} 25. Qxb3 {[%clk 00:21:06]} {[%emt
00:00:30]} Qc4 {[%clk 00:37:42]} {[%emt 00:01:16]} 26. Qxc4 {[%clk 00:12:49]}
{[%emt 00:08:48]} Rxc4 {[%clk 00:38:05]} {[%emt 00:00:06]} 27. fxe5 {[%clk
00:12:56]} {[%emt 00:00:23]} dxe5 {[%clk 00:38:18]} {[%emt 00:00:19]} 28. Rd1
{[%clk 00:12:40]} {[%emt 00:00:45]} Rxd1+ {[%clk 00:38:30]} {[%emt 00:00:18]}
29. Kxd1 {[%clk 00:13:08]} {[%emt 00:00:01]} Rd4+ {[%clk 00:38:45]} {[%emt
00:00:15]} 30. Rd2 {[%clk 00:13:31]} {[%emt 00:00:07]} Rxd2+ {[%clk 00:39:08]}
{[%emt 00:00:07]} 31. Kxd2 {[%clk 00:13:44]} {[%emt 00:00:16]} Kg8 {[%clk
00:39:34]} {[%emt 00:00:04]} 32. g4 {[%clk 00:11:17]} {[%emt 00:02:58]} Kf7
{[%clk 00:39:57]} {[%emt 00:00:06]} 33. Ke3 {[%clk 00:11:21]} {[%emt 00:00:26]}
Ke6 {[%clk 00:40:11]} {[%emt 00:00:16]} 1/2-1/2

[Event "DVM U20w 2023"]
[Site "Magdeburg GER"]
[Date "2023.12.28"]
[Round "4"]
[White "Ignatova, Gabriela"]
[Black "Berndt, Christiane"]
[Result "0-1"]
[Termination "normal"]
[Board "8.4"]
[WhiteElo "1202"]
[BlackElo "1297"]
[WhiteClock "00:34:28"]
[BlackClock "00:29:23"]
[WhiteTeam "Meuselwitzer SV"]
[BlackTeam "SC 1865 Annaberg-Buchholz"]
[PlyCount "88"]
[WhiteFideId "34623698"]
[BlackFideId "16235363"]
[EventCountry "GER"]
[EventRounds "7"]
[EventType "team-swiss"]
[EventDate "2023.12.26"]

1. e4 {[%clk 01:30:58]} {[%emt 00:06:18]} e5 {[%clk 01:30:49]} {[%emt
00:00:13]} 2. Nf3 {[%clk 01:31:22]} {[%emt 00:00:06]} Nc6 {[%clk 01:31:05]}
{[%emt 00:00:14]} 3. Bc4 {[%clk 01:31:47]} {[%emt 00:00:06]} Bc5 {[%clk
01:31:26]} {[%emt 00:00:07]} 4. d4 {[%clk 01:30:40]} {[%emt 00:01:39]} exd4
{[%clk 01:29:51]} {[%emt 00:02:03]} 5. Ng5 {[%clk 01:30:52]} {[%emt 00:00:18]}
Nh6 {[%clk 01:27:14]} {[%emt 00:03:08]} 6. Nxf7 {[%clk 01:30:41]} {[%emt
00:00:41]} Nxf7 {[%clk 01:25:12]} {[%emt 00:02:31]} 7. Bxf7+ {[%clk 01:29:16]}
{[%emt 00:01:56]} Kf8 {[%clk 01:20:39]} {[%emt 00:05:04]} 8. O-O {[%clk
01:22:22]} {[%emt 00:07:23]} d6 {[%clk 01:18:52]} {[%emt 00:02:16]} 9. Bb3
{[%clk 01:22:25]} {[%emt 00:00:28]} Ne5 {[%clk 01:14:42]} {[%emt 00:04:40]} 10.
Bf4 {[%clk 01:16:45]} {[%emt 00:06:10]} Qf6 {[%clk 01:10:41]} {[%emt 00:04:31]}
11. Bg3 {[%clk 01:13:27]} {[%emt 00:03:48]} Ke7 {[%clk 01:01:13]} {[%emt
00:09:58]} 12. Nd2 {[%clk 01:02:44]} {[%emt 00:11:14]} Bd7 {[%clk 00:57:19]}
{[%emt 00:04:21]} 13. Kh1 {[%clk 00:56:41]} {[%emt 00:06:36]} Raf8 {[%clk
00:52:23]} {[%emt 00:05:25]} 14. f4 {[%clk 00:53:25]} {[%emt 00:03:47]} Ng4
{[%clk 00:46:40]} {[%emt 00:06:11]} 15. Nf3 {[%clk 00:47:58]} {[%emt 00:05:58]}
Ke8 {[%clk 00:36:14]} {[%emt 00:10:55]} 16. Qd3 {[%clk 00:43:50]} {[%emt
00:04:34]} Ne3 {[%clk 00:29:10]} {[%emt 00:07:38]} 17. Rf2 {[%clk 00:39:42]}
{[%emt 00:04:38]} h6 {[%clk 00:26:25]} {[%emt 00:03:15]} 18. e5 {[%clk
00:34:53]} {[%emt 00:05:19]} dxe5 {[%clk 00:22:11]} {[%emt 00:04:45]} 19. Nxe5
{[%clk 00:34:44]} {[%emt 00:00:38]} Nf5 {[%clk 00:22:10]} {[%emt 00:00:31]} 20.
Nxd7 {[%clk 00:34:09]} {[%emt 00:01:05]} Kxd7 {[%clk 00:21:21]} {[%emt
00:01:18]} 21. Qb5+ {[%clk 00:27:26]} {[%emt 00:07:13]} Qc6 {[%clk 00:20:23]}
{[%emt 00:01:29]} 22. Qxc6+ {[%clk 00:26:22]} {[%emt 00:01:34]} Kxc6 {[%clk
00:20:04]} {[%emt 00:00:49]} 23. Rc1 {[%clk 00:25:24]} {[%emt 00:01:29]} g5
{[%clk 00:19:01]} {[%emt 00:01:32]} 24. fxg5 {[%clk 00:25:03]} {[%emt
00:00:52]} Nxg3+ {[%clk 00:18:46]} {[%emt 00:00:45]} 25. hxg3 {[%clk 00:24:32]}
{[%emt 00:01:00]} Rxf2 {[%clk 00:18:07]} {[%emt 00:01:09]} 26. g6 {[%clk
00:24:32]} {[%emt 00:00:30]} Bf8 {[%clk 00:14:22]} {[%emt 00:04:16]} 27. Rd1
{[%clk 00:22:22]} {[%emt 00:02:38]} Bg7 {[%clk 00:12:15]} {[%emt 00:02:37]} 28.
Re1 {[%clk 00:21:38]} {[%emt 00:01:14]} Kd7 {[%clk 00:09:50]} {[%emt 00:02:55]}
29. Be6+ {[%clk 00:16:40]} {[%emt 00:05:27]} Kd6 {[%clk 00:10:08]} {[%emt
00:00:13]} 30. Bb3 {[%clk 00:16:01]} {[%emt 00:01:09]} Rhf8 {[%clk 00:10:12]}
{[%emt 00:00:26]} 31. Kg1 {[%clk 00:14:48]} {[%emt 00:01:41]} R2f6 {[%clk
00:09:27]} {[%emt 00:01:17]} 32. Bf7 {[%clk 00:14:25]} {[%emt 00:00:50]} R6xf7
{[%clk 00:09:07]} {[%emt 00:00:54]} 33. gxf7 {[%clk 00:14:05]} {[%emt
00:00:49]} Rxf7 {[%clk 00:09:30]} {[%emt 00:00:07]} 34. b3 {[%clk 00:14:12]}
{[%emt 00:00:24]} c5 {[%clk 00:09:45]} {[%emt 00:00:14]} 35. Re4 {[%clk
00:10:30]} {[%emt 00:04:11]} Be5 {[%clk 00:08:30]} {[%emt 00:01:45]} 36. Rh4
{[%clk 00:09:38]} {[%emt 00:01:24]} Rf6 {[%clk 00:07:21]} {[%emt 00:01:37]} 37.
g4 {[%clk 00:08:24]} {[%emt 00:01:44]} b5 {[%clk 00:06:42]} {[%emt 00:01:10]}
38. Rh5 {[%clk 00:07:49]} {[%emt 00:01:05]} Bf4 {[%clk 00:03:25]} {[%emt
00:03:47]} 39. Kf1 {[%clk 00:07:36]} {[%emt 00:00:44]} Bg5+ {[%clk 00:03:31]}
{[%emt 00:00:23]} 40. Ke2 {[%clk 00:07:24]} {[%emt 00:00:42]} Rf4 {[%clk
00:02:56]} {[%emt 00:01:03]} 41. g3 {[%clk 00:06:38]} {[%emt 00:01:17]} Re4+
{[%clk 00:01:26]} {[%emt 00:01:53]} 42. Kf3 {[%clk 00:05:25]} {[%emt 00:01:50]}
Re3+ {[%clk 00:29:22]} {[%emt 00:02:32]} 43. Kf2 {[%clk 00:35:12]} {[%emt
00:00:43]} Rc3 {[%clk 00:29:31]} {[%emt 00:00:19]} 44. Ke2 {[%clk 00:34:28]}
{[%emt 00:01:16]} Rxc2+ {[%clk 00:29:23]} {[%emt 00:00:37]} 0-1